| 000 | 00682naa a2200193 4500 | ||
|---|---|---|---|
| 005 | 20100505110035.0 | ||
| 008 | 100505t xxu||||| |||| 00| 0 eng d | ||
| 020 |
_a9788178804163 _c550.00 |
||
| 037 | _bPUB | ||
| 040 |
_adpl _bEnglish |
||
| 100 | _aRoy, Durgadas | ||
| 245 |
_aThe ethics of globalisation and others essays / _cby Durgadas Roy |
||
| 260 |
_aNew Delhi _bRajat Publications _c2009 |
||
| 270 |
_a4675/21, Ansari Road, Daryaganj _bNew Delhi _e110002 |
||
| 300 |
_a192p. _c24cm(Hb) |
||
| 500 | _aIncludes bibliographical references and index | ||
| 942 |
_adpl _cEN _2ddc _mROY |
||
| 999 |
_c35683 _d35683 |
||